Lịch sử tỉnh Trà Vinh

Bộ "Lịch sử tỉnh Trà Vinh (1732 - 1995)" gồm 4 tập làm sáng tỏ lịch sử truyền thống cộng đồng dân cư của tỉnh Trà Vinh từ năm 1732 đến năm 1995 tập trung tái hiện nhiều giai đoạn lịch sử hơn hai thế kỷ của đồng bào các dân tộc Trà...

Ful tanımlama

Kaydedildi:
Detaylı Bibliyografya
Yazar: Phạm, Văn Hướng
Materyal Türü: Kitap
Dil:Undetermined
Baskı/Yayın Bilgisi: Trà Vinh Ban Tư tưởng Tỉnh ủy Trà Vinh 1995
Konular:
Etiketler: Etiketle
Etiket eklenmemiş, İlk siz ekleyin!
Thư viện lưu trữ: Trung tâm Học liệu Trường Đại học Cần Thơ
LEADER 01207nam a2200205Ia 4500
001 CTU_142997
008 210402s9999 xx 000 0 und d
082 |a 959.7 
082 |b H561/T.1 
100 |a Phạm, Văn Hướng 
245 0 |a Lịch sử tỉnh Trà Vinh 
245 0 |c Chủ biên: Phạm Văn Hướng 
260 |a Trà Vinh 
260 |b Ban Tư tưởng Tỉnh ủy Trà Vinh 
260 |c 1995 
520 |a Bộ "Lịch sử tỉnh Trà Vinh (1732 - 1995)" gồm 4 tập làm sáng tỏ lịch sử truyền thống cộng đồng dân cư của tỉnh Trà Vinh từ năm 1732 đến năm 1995 tập trung tái hiện nhiều giai đoạn lịch sử hơn hai thế kỷ của đồng bào các dân tộc Trà Vinh đã đoàn kết, mưu trí, kiên cường trong khai phá thiên nhiên, chống áp bức, chống xâm lược và bước đầu xây dựng quê hương theo định hướng Xã hội Chủ nghĩa. 
650 |a Tra Vinh (Vietnam),Vietnam 
650 |x History,History 
904 |i Giang 
980 |a Trung tâm Học liệu Trường Đại học Cần Thơ